000 00260nam a2200109 a 4500
005 20140414132033.0
008 110322s19uu xx 00 eng d
050 _aTR
_bL78 991
100 _aAdamson, Linda
245 _aLove to learn songbook.
999 _c113667
_d113667